[Event "Championnat de Paris Open A"]
[Site "Paris"]
[Date "2012.07.07"]
[Round "1.1"]
[White "Zeller, Olivier"]
[Black "Chanoine, Guillaume"]
[Result "0-1"]
[WhiteElo "2013"]
[BlackElo "2297"]
[PlyCount "60"]
[EventDate "2012.??.??"]

1. e4 e5 2. Nf3 Nc6 3. Bc4 Nf6 4. Ng5 d5 5. exd5 Na5 6. Bb5+ c6 7. dxc6 bxc6 8.
Be2 h6 9. Nf3 e4 10. Ne5 Qd4 11. f4 Qb6 12. c3 Be7 13. b4 Nb7 14. Na3 O-O 15.
Nac4 Qc7 16. O-O a5 17. Qa4 Bd7 18. Nxd7 Nxd7 19. Nxa5 Nxa5 20. bxa5 Nc5 21.
Qc4 Rxa5 22. a4 Qa7 23. Kh1 Rxa4 24. Rxa4 Qxa4 25. Qxa4 Nxa4 26. f5 Ra8 27. g4
Nc5 28. Kg2 Ra2 29. Kf2 Bg5 30. Bc4 e3+ 0-1

[Event "Championnat de Paris Open A"]
[Site "Paris"]
[Date "2012.07.07"]
[Round "1.3"]
[White "Abbas, Talal"]
[Black "Toulzac, Pierre-Yves"]
[Result "0-1"]
[WhiteElo "2006"]
[BlackElo "2273"]
[PlyCount "54"]
[EventDate "2012.??.??"]

1. d4 Nf6 2. Nf3 d6 3. Nc3 c6 4. e4 Bg4 5. Be2 e6 6. Bg5 Be7 7. Qd2 d5 8. Bxf6
Bxf6 9. e5 Be7 10. Ng1 Bf5 11. O-O-O c5 12. f4 cxd4 13. Nb5 Nc6 14. Nxd4 Nxd4
15. Qxd4 Qa5 16. Kb1 Rc8 17. Bd3 Bg4 18. Be2 Bc5 19. Qd2 Qxd2 20. Rxd2 Bf5 21.
Bd3 Be3 22. Rd1 Bxd3 23. Rxd3 Bxf4 24. Nf3 Rc7 25. Rf1 a6 26. g3 Bh6 27. Nd4 g6
0-1

[Event "Championnat de Paris Open A"]
[Site "Paris"]
[Date "2012.07.07"]
[Round "1.4"]
[White "Rabineau, Clement"]
[Black "Marin, Frederic-Vincent"]
[Result "1-0"]
[WhiteElo "2270"]
[BlackElo "2006"]
[PlyCount "103"]
[EventDate "2012.??.??"]

1. e4 e5 2. Nf3 Nc6 3. Bb5 a6 4. Bxc6 dxc6 5. O-O Ne7 6. d4 exd4 7. Nxd4 c5 8.
Nb3 Qxd1 9. Rxd1 b6 10. Bf4 Ra7 11. a4 Nc6 12. a5 Be6 13. axb6 cxb6 14. Nc3
Bxb3 15. cxb3 Be7 16. Nd5 Bd8 17. Nxb6 Bxb6 18. Rd6 Nd4 19. Rxb6 O-O 20. Bd6
Rc8 21. f3 h6 22. Kf2 a5 23. Rc1 Ne6 24. Rc4 Kh7 25. f4 Rd7 26. e5 h5 27. f5
Nd4 28. Bxc5 Nxf5 29. Bd6 Rcd8 30. Rcc6 Nd4 31. Rc5 Nf5 32. Rxa5 Nxd6 33. exd6
Rxd6 34. Rxd6 Rxd6 35. Rxh5+ Kg6 36. Re5 Rd2+ 37. Re2 Rd3 38. b4 Rb3 39. Ke1
Kf5 40. Kd1 g5 41. Kc2 Rxb4 42. Kc3 Rb8 43. b4 Kg4 44. Rb2 Kf4 45. Kd4 f5 46.
b5 Rd8+ 47. Kc5 Ke5 48. b6 Rd5+ 49. Kc6 Rd6+ 50. Kc7 Rh6 51. b7 Rh7+ 52. Kc6
1-0

[Event "Championnat de Paris Open A"]
[Site "Paris"]
[Date "2012.07.07"]
[Round "1.6"]
[White "Gervasio, Ricardo"]
[Black "Potrel, Manu"]
[Result "1-0"]
[WhiteElo "2267"]
[BlackElo "2001"]
[PlyCount "131"]
[EventDate "2012.??.??"]

1. e4 e5 2. Nf3 Nc6 3. Bc4 Nf6 4. Qe2 Bc5 5. c3 O-O 6. b4 Bb6 7. a4 a6 8. Ba2
d5 9. d3 h6 10. b5 axb5 11. axb5 Na5 12. Nbd2 Re8 13. O-O c6 14. bxc6 bxc6 15.
Bb2 Ba6 16. c4 dxc4 17. Nxc4 Nxc4 18. Bxc4 Bxc4 19. Rxa8 Qxa8 20. dxc4 Bd4 21.
Nxd4 exd4 22. Bxd4 Rxe4 23. Qb2 Qd8 24. Bxf6 Qxf6 25. Qxf6 gxf6 26. Rc1 Kf8 27.
Kf1 Ke7 28. Re1 Re6 29. Re3 Kd6 30. Ke2 Kc5 31. Rxe6 fxe6 32. Kd3 e5 33. Kc3 f5
34. g3 h5 35. h3 Kb6 36. f3 Kc5 37. g4 hxg4 38. hxg4 e4 39. g5 exf3 40. Kd3 Kd6
41. Ke3 Ke5 42. Kxf3 c5 43. Kg3 f4+ 44. Kg4 Ke4 45. g6 f3 46. g7 f2 47. g8=Q
f1=Q 48. Qd5+ Ke3 49. Qxc5+ Kd3 50. Qd5+ Kc3 51. c5 Qb5 52. Kf4 Kb4 53. Qd4+
Ka5 54. Qd6 Qc4+ 55. Ke5 Qc3+ 56. Ke6 Qe3+ 57. Kd7 Kb5 58. c6 Qh3+ 59. Kc7 Qh7+
60. Kb8 Qg8+ 61. Kb7 Qf7+ 62. c7 Ka5 63. Qb6+ Ka4 64. Ka7 Qd7 65. Qa6+ Kb4 66.
Qb7+ 1-0

[Event "Championnat de Paris Open A"]
[Site "Paris"]
[Date "2012.07.07"]
[Round "1.7"]
[White "Doebele, Victor"]
[Black "Sochacki, Wojtek"]
[Result "0-1"]
[WhiteElo "1998"]
[BlackElo "2263"]
[PlyCount "118"]
[EventDate "2012.??.??"]

1. Nf3 c5 2. g3 d5 3. Bg2 Nc6 4. d4 Nf6 5. O-O Bf5 6. c3 e6 7. Nbd2 cxd4 8.
Nxd4 Nxd4 9. cxd4 Bd6 10. Qa4+ Qd7 11. Qxd7+ Kxd7 12. f3 Bg6 13. e4 Be7 14. Nb3
Rhc8 15. Bg5 dxe4 16. fxe4 Bxe4 17. Rxf6 Bxf6 18. Bxe4 Bxg5 19. Bxb7 Rab8 20.
Bxc8+ Rxc8 21. Nc5+ Ke7 22. Kf2 h5 23. b4 h4 24. a4 hxg3+ 25. hxg3 Bd2 26. b5
Bc3 27. Rd1 Bxd4+ 28. Rxd4 Rxc5 29. Rb4 Rc2+ 30. Ke3 Ra2 31. Ke4 f5+ 32. Ke5 g5
33. b6 Rd2 34. Rb5 axb6 35. a5 Re2+ 36. Kd4 Re4+ 37. Kd3 bxa5 38. Rxa5 Rg4 39.
Ra7+ Kf6 40. Ra8 Rxg3+ 41. Ke2 Rh3 42. Kf2 Rb3 43. Rf8+ Ke5 44. Ra8 g4 45. Ra5+
Kf4 46. Ra4+ Kg5 47. Ra6 e5 48. Ra8 Kf4 49. Rf8 Rb2+ 50. Kf1 Ke4 51. Ra8 Rb4
52. Ra2 g3 53. Kg2 Kf4 54. Ra3 Rb2+ 55. Kg1 e4 56. Ra1 Kg4 57. Re1 Kh3 58. Kh1
f4 59. Kg1 f3 0-1

[Event "Championnat de Paris Open A"]
[Site "Paris"]
[Date "2012.07.07"]
[Round "1.8"]
[White "Rene, Benoit"]
[Black "Mathieu, Romaric"]
[Result "1-0"]
[WhiteElo "2262"]
[BlackElo "1997"]
[PlyCount "45"]
[EventDate "2012.??.??"]

1. g3 g6 2. Bg2 Bg7 3. e4 c5 4. d3 Nc6 5. f4 d6 6. Nf3 Nh6 7. O-O f5 8. c3 O-O
9. exf5 Nxf5 10. g4 Nh6 11. h3 Nf7 12. Nbd2 Rb8 13. a4 a6 14. Ne4 b6 15. Neg5
e6 16. Nxf7 Rxf7 17. Ng5 Rc7 18. f5 gxf5 19. gxf5 Ne5 20. d4 cxd4 21. cxd4 h6
22. dxe5 hxg5 23. f6 1-0

[Event "Championnat de Paris Open A"]
[Site "Paris"]
[Date "2012.07.07"]
[Round "1.9"]
[White "Fournier, Dimitri"]
[Black "Regoli, Stephane"]
[Result "1/2-1/2"]
[WhiteElo "1995"]
[BlackElo "2248"]
[PlyCount "128"]
[EventDate "2012.??.??"]

1. e4 c5 2. Nc3 Nc6 3. g3 g6 4. Bg2 Bg7 5. d3 e6 6. Be3 Nd4 7. Qd2 Ne7 8. Nge2
Nec6 9. O-O O-O 10. Nc1 Nb4 11. Bxd4 cxd4 12. Nd1 Nc6 13. c3 d5 14. c4 dxc4 15.
dxc4 e5 16. Nd3 Be6 17. b3 Qd6 18. N1b2 Kh8 19. f4 f6 20. Na4 Bg8 21. Bh3 Rae8
22. f5 Rf7 23. Rac1 Qf8 24. Rc2 Bh6 25. Qe1 Rc7 26. Nab2 Ne7 27. fxg6 Nxg6 28.
Qe2 Be6 29. Bf5 Rf7 30. Kh1 Bxf5 31. Rxf5 Ne7 32. Rf1 Nc6 33. Rf5 Ne7 34. Rf1
Nc6 35. Rf5 b6 36. Nd1 Ne7 37. Rf1 Nc6 38. Rf5 Bg7 39. g4 Ne7 40. Rh5 Ng6 41.
Qf3 Bh6 42. Rf2 Nf4 43. Nxf4 Bxf4 44. Nb2 Be3 45. Rc2 Qe7 46. Nd3 Rg8 47. Qf5
Rfg7 48. Rg2 Rg6 49. Rg3 Qa3 50. Rg2 Qe7 51. Rg3 Qg7 52. Nb4 Rg5 53. Rxg5 fxg5
54. Nd3 Rf8 55. Qe6 Qf6 56. Qxf6+ Rxf6 57. Kg2 Kg7 58. Rf3 Bf4 59. Rf1 a5 60.
a4 Kf7 61. Rf3 Ke6 62. Rh3 h6 63. Rf3 Rf7 64. Rf1 Rh7 1/2-1/2

[Event "Championnat de Paris Open A"]
[Site "Paris"]
[Date "2012.07.07"]
[Round "1.10"]
[White "Manoeuvre, Antoine"]
[Black "Baudon, Sebastien"]
[Result "1-0"]
[WhiteElo "2247"]
[BlackElo "1993"]
[PlyCount "61"]
[EventDate "2012.??.??"]

1. d4 Nf6 2. Bg5 b6 3. f3 d5 4. e3 Bb7 5. Nh3 Nbd7 6. Bd3 h6 7. Bh4 g6 8. O-O
Bg7 9. c4 c6 10. cxd5 cxd5 11. f4 Ne4 12. Nf2 g5 13. Bxe4 gxh4 14. Bd3 Nf6 15.
Bb5+ Kf8 16. Nd2 Ne8 17. Nf3 Nd6 18. Bd3 e6 19. Ne5 h5 20. Rc1 Bf6 21. Qa4 Kg7
22. Rc3 Qe8 23. Qc2 Rc8 24. Rc1 Rxc3 25. Qxc3 Qc8 26. Qd2 Qd8 27. Qd1 Qe7 28.
Rc3 Kh6 29. Qa4 Ra8 30. Qa3 a6 31. Qxd6 1-0

[Event "Championnat de Paris Open A"]
[Site "Paris"]
[Date "2012.07.07"]
[Round "1.11"]
[White "Hassine, Daniel"]
[Black "Pozdnjakov, Viatcheslav"]
[Result "1/2-1/2"]
[WhiteElo "1991"]
[BlackElo "2242"]
[PlyCount "88"]
[EventDate "2012.??.??"]

1. d4 d5 2. Nf3 c6 3. c4 Nf6 4. e3 Bf5 5. Nc3 e6 6. Bd3 Bxd3 7. Qxd3 Bb4 8. Bd2
O-O 9. O-O Bxc3 10. Bxc3 Ne4 11. Nd2 Nxd2 12. Bxd2 Nd7 13. e4 Qb6 14. exd5 cxd5
15. c5 Qc6 16. b4 b5 17. Qg3 f6 18. Bf4 a5 19. a3 Rfe8 20. Rae1 axb4 21. axb4
Ra4 22. Bh6 Re7 23. Ra1 e5 24. dxe5 fxe5 25. Rxa4 bxa4 26. Bg5 Re8 27. Rd1 h6
28. Bc1 Rb8 29. Ba3 Kf7 30. f4 e4 31. Bb2 Nf6 32. f5 Rxb4 33. Qg6+ Kf8 34. Bxf6
Qxf6 35. Qxf6+ gxf6 36. Rxd5 Ke7 37. Rd6 Rc4 38. Ra6 e3 39. Kf1 Re4 40. Ke2 h5
41. g3 Kf7 42. Ra7+ Ke8 43. h3 Kd8 44. Ra6 Ke7 {=} 1/2-1/2

[Event "Championnat de Paris Open A"]
[Site "Paris"]
[Date "2012.07.07"]
[Round "1.12"]
[White "Lazo, Andrei"]
[Black "Gros, Alexandre"]
[Result "0-1"]
[WhiteElo "2241"]
[BlackElo "1988"]
[PlyCount "102"]
[EventDate "2012.??.??"]

1. d4 Nf6 2. c4 e6 3. Nf3 c5 4. d5 exd5 5. cxd5 d6 6. Nc3 g6 7. g3 Bg7 8. Bg2
O-O 9. O-O Re8 10. Nd2 Nbd7 11. h3 Rb8 12. a4 a6 13. Nc4 Ne5 14. Na3 Ned7 15.
e4 Qc7 16. Bf4 Nh5 17. Nab5 axb5 18. Nxb5 Qb6 19. Bxd6 Be5 20. Bxb8 Bxb8 21.
Kh2 Nhf6 22. Qc2 h5 23. f4 h4 24. d6 hxg3+ 25. Kh1 Nf8 26. Rac1 Ne6 27. e5 Nh5
28. f5 Nef4 29. fxg6 fxg6 30. Rcd1 Be6 31. Qe4 Rf8 32. d7 Qd8 33. Rf3 Qh4 34.
Qxg6+ Nxg6 35. Rxf8+ Nxf8 36. d8=Q Qxd8 37. Rxd8 Bxe5 38. Bxb7 Bxh3 39. Bg2 Bf5
40. a5 Nf4 41. a6 Nxg2 42. Kxg2 Be4+ 43. Kh3 g2 44. Rd1 Ne6 45. Nc3 Bc6 46. a7
Ng5+ 47. Kg4 Bxc3 48. bxc3 Nf3 49. Kf4 Kf7 50. Ra1 g1=Q 51. Rxg1 Nxg1 0-1

[Event "Championnat de Paris Open A"]
[Site "Paris"]
[Date "2012.07.07"]
[Round "1.13"]
[White "Gailliegue, Florian"]
[Black "Larrat, Philippe"]
[Result "0-1"]
[WhiteElo "1984"]
[BlackElo "2230"]
[PlyCount "114"]
[EventDate "2012.??.??"]

1. d4 Nf6 2. c4 g6 3. Nc3 d5 4. cxd5 Nxd5 5. e4 Nxc3 6. bxc3 Bg7 7. Bc4 c5 8.
Ne2 O-O 9. O-O Nc6 10. Be3 Na5 11. Bd3 b6 12. Rb1 Qc7 13. Qc1 Rd8 14. Rd1 e5
15. dxc5 bxc5 16. Rb5 Bf8 17. Qa3 Nc4 18. Qc1 Nxe3 19. Qxe3 Bd7 20. Rbb1 Ba4
21. Rdc1 c4 22. Bc2 Bc5 23. Qg5 Bxc2 24. Rxc2 Qb6 25. Rf1 Bxf2+ 26. Kh1 f6 27.
Qg4 Rd6 28. Nf4 exf4 29. Rcxf2 Qe3 30. Rf3 Qxe4 31. Rxf4 Qd3 32. h4 h5 33. Qf3
Rf8 34. Qb7 Qxc3 35. Qxa7 Qd3 36. Re1 Rd7 37. Qc5 c3 38. Rc1 Qg3 39. Qc4+ Kg7
40. Rf3 Rc7 41. Qd4 {=} 41... Qe5 42. Qxe5 fxe5 43. Rfxc3 Rxc3 44. Rxc3 Rf4 45.
g3 Rf2 46. Ra3 Kf6 47. Kg1 Rb2 48. Rf3+ Ke6 49. Rf2 Rb1+ 50. Kg2 e4 51. Rd2 Ke5
52. Kf2 Rc1 53. Rb2 Rc3 54. Rb5+ Kd4 55. Rb4+ Kd3 56. Rb3 {=} 56... Rxb3 57.
axb3 Kd2 0-1

[Event "Championnat de Paris Open A"]
[Site "Paris"]
[Date "2012.07.07"]
[Round "1.15"]
[White "Jacquet, Stephane"]
[Black "Come, Alexandre"]
[Result "0-1"]
[WhiteElo "1976"]
[BlackElo "2204"]
[PlyCount "80"]
[EventDate "2012.??.??"]

1. d4 Nf6 2. c4 d6 3. Nc3 Nbd7 4. e4 e5 5. Nf3 g6 6. Bg5 h6 7. Be3 Bg7 8. h3
exd4 9. Nxd4 O-O 10. Qd2 Kh7 11. O-O-O Re8 12. f3 Qe7 13. g4 c6 14. g5 hxg5 15.
Bxg5 Qf8 16. h4 Nh5 17. Qf2 Nc5 18. Nce2 Qh8 19. Be3 Ne6 20. Kb1 c5 21. Nxe6
Bxe6 22. Nf4 Kg8 23. Nxh5 Qxh5 24. Be2 Qe5 25. Rd2 b5 26. cxb5 a6 27. b6 Reb8
28. Qh2 Qxh2 29. Rxh2 Rxb6 30. Bd1 Rab8 31. f4 Rb4 32. e5 Bf5+ 33. Kc1 dxe5 34.
fxe5 Bxe5 35. Rhg2 Rc4+ 36. Bc2 Rxb2 37. Kd1 Bg4+ 38. Ke1 Bc3 39. Bd3 Bxd2+ 40.
Bxd2 Rd4 0-1

[Event "Championnat de Paris Open A"]
[Site "Paris"]
[Date "2012.07.07"]
[Round "1.16"]
[White "Ribeiro, Romain"]
[Black "Sauvetre, Alain"]
[Result "1-0"]
[WhiteElo "2204"]
[BlackElo "1976"]
[PlyCount "221"]
[EventDate "2012.??.??"]

1. e4 e6 2. c4 d5 3. cxd5 exd5 4. exd5 Qxd5 5. Nc3 Qe6+ 6. Be2 Nf6 7. Nf3 Bd6
8. O-O O-O 9. d4 Nbd7 10. Ng5 Qe7 11. Re1 Nb6 12. Bd3 Qd8 13. Nce4 Nbd5 14.
Nxf6+ Nxf6 15. Qf3 c6 16. h3 h6 17. Ne4 Nxe4 18. Qxe4 f5 19. Qf3 Kh8 20. Bd2
Bd7 21. Re2 Qh4 22. Bc3 Qf4 23. Qxf4 Bxf4 24. Re7 Rad8 25. d5 Rg8 26. dxc6 Bxc6
27. Bxf5 Bg5 28. Rf7 Bd5 29. Rc7 Bf4 30. Rd7 Rxd7 31. Bxd7 Rd8 32. Bf5 Bc6 33.
Re1 Bd6 34. Bg6 Kg8 35. Ba5 b6 36. Bc3 Bd5 37. a3 Bf7 38. Be4 Bb3 39. g3 Kf7
40. Kg2 Rc8 41. Re3 Bc4 42. Bf3 Ba2 43. Bh5+ Kg8 44. Rd3 Rd8 45. Bg6 Be7 46.
Rxd8+ Bxd8 47. Kf3 Be7 48. h4 Bb3 49. h5 Bd6 50. Ke4 Kf8 51. f4 Ba2 52. g4 Bb3
53. Be5 Be7 54. Bb8 Bf6 55. Bd6+ Kg8 56. Be5 Be7 57. Be8 Kf8 58. Bg6 Bd1 {=}
59. Bf5 Bb3 60. Kd4 Kf7 61. Bd3 Bd1 62. Bc4+ Kf8 63. Be6 Bc5+ 64. Kc3 Ke7 65.
Bf5 Kf7 66. Bb8 a5 67. Be5 Kf8 68. Kc4 Be3 69. Kd5 Ba4 70. Ke6 Bb3+ 71. Kd7 Kf7
72. Bg6+ Kg8 73. Ke7 Bc5+ 74. Kd7 Be3 75. Bf5 Kf7 76. Kc6 Ba4+ 77. Kd6 Bb3 78.
Be4 Bc5+ 79. Kc6 Ba4+ 80. Kc7 Bb3 81. g5 hxg5 82. fxg5 Be3 83. g6+ Kf8 84. Bf3
Kg8 85. Kd7 Kf8 86. Bg4 Ba4+ 87. Kd8 Bb3 88. Kc7 Kg8 89. Kc6 Kf8 90. Bd6+ Kg8
91. Bc7 Bd4 92. Bxb6 Bxb2 93. Bc5 Bc4 94. Kd6 Kh8 95. Ke7 Bb3 96. Kd6 Bc4 97.
Kc6 Kg8 98. Kb6 Bc3 99. Bd1 Kh8 100. Bd6 Kg8 101. Kc5 Be6 102. Be2 Kh8 103. Bf3
Bb3 104. Kb5 Be6 105. Bc7 Bd7+ 106. Kc4 Bd2 107. Kd3 Be1 108. Be5 Be6 109. h6
Bh4 110. Bxg7+ Kg8 111. Bc3 1-0

[Event "Championnat de Paris Open A"]
[Site "Paris"]
[Date "2012.07.07"]
[Round "1.17"]
[White "Pass, Deborah J"]
[Black "Ustianovich, Nazar"]
[Result "0-1"]
[WhiteElo "1974"]
[BlackElo "2197"]
[PlyCount "54"]
[EventDate "2012.??.??"]

1. e4 g6 2. Bc4 Bg7 3. Nf3 c5 4. c3 Nc6 5. O-O Qb6 6. Na3 d6 7. d4 Nh6 8. d5
Nb8 9. Bg5 f6 10. Be3 O-O 11. b4 Ng4 12. e5 Nxe3 13. fxe3 cxb4 14. Nc2 fxe5 15.
Ng5 Bf6 16. Ne4 Bf5 17. Rxf5 gxf5 18. Nxf6+ Rxf6 19. Rb1 Qc7 20. Rxb4 Nd7 21.
Bb3 Nc5 22. Rh4 Nxb3 23. axb3 Qxc3 24. Rc4 Qa5 25. e4 Qb6+ 26. Kh1 Qxb3 27. Rc7
Raf8 0-1

[Event "Championnat de Paris Open A"]
[Site "Paris"]
[Date "2012.07.07"]
[Round "1.18"]
[White "Fedoryshyn, Ievgenii"]
[Black "Bensaid, Alexandre"]
[Result "1-0"]
[WhiteElo "2188"]
[BlackElo "1974"]
[PlyCount "75"]
[EventDate "2012.??.??"]

1. e4 c5 2. Nf3 d6 3. c3 Nf6 4. Be2 g6 5. O-O Bg7 6. h3 O-O 7. d3 Nc6 8. Bg5 e5
9. Nbd2 d5 10. Qc2 h6 11. Bxf6 Bxf6 12. exd5 Qxd5 13. Ne4 Be7 14. Rad1 f5 15.
Ned2 Kg7 16. Nh2 Be6 17. Bf3 Qd7 18. Rfe1 Bd5 19. Nc4 Bf6 20. a3 Rac8 21. Qa4
Rfd8 22. b4 cxb4 23. axb4 Bxf3 24. Nxf3 Qd5 25. b5 Ne7 26. Nfxe5 Rc5 27. b6 a6
28. d4 Rcc8 29. Rd3 Nc6 30. Rde3 Qb5 31. Qa2 Bxe5 32. Nxe5 Nxe5 33. Rxe5 Qc4
34. Re7+ Kh8 35. Qxc4 Rxc4 36. Rxb7 Rxc3 37. Ra7 Rc6 38. b7 1-0

[Event "Championnat de Paris Open A"]
[Site "Paris"]
[Date "2012.07.07"]
[Round "1.19"]
[White "Huynh Tan, Stephane"]
[Black "Kouptsov, Vladimir"]
[Result "0-1"]
[WhiteElo "1974"]
[BlackElo "2188"]
[PlyCount "54"]
[EventDate "2012.??.??"]

1. c4 e6 2. Nc3 d5 3. d4 Nf6 4. Nf3 Be7 5. Bg5 O-O 6. e3 a6 7. Bd3 dxc4 8. Bxc4
b5 9. Bd3 Bb7 10. O-O Nbd7 11. Rc1 c5 12. Qe2 Qb6 13. Ne5 Rfe8 14. Nxd7 Nxd7
15. Bxe7 Rxe7 16. Qh5 h6 17. Qh4 Ree8 18. dxc5 Nxc5 19. Bb1 Rad8 20. Rfd1 Qc6
21. Qg4 b4 22. Ne2 e5 23. Nd4 exd4 24. exd4 h5 25. Qh3 Qd5 26. Rxc5 Qxc5 27.
Qd3 Be4 0-1

[Event "Championnat de Paris Open A"]
[Site "Paris"]
[Date "2012.07.07"]
[Round "1.20"]
[White "Castro, John"]
[Black "Sowa, Marcin"]
[Result "1-0"]
[WhiteElo "2183"]
[BlackElo "1974"]
[PlyCount "71"]
[EventDate "2012.??.??"]

1. e4 Nf6 2. e5 Nd5 3. d4 d6 4. Nf3 g6 5. Bc4 Nb6 6. Bb3 Bg7 7. Ng5 e6 8. Qf3
Qe7 9. Ne4 d5 10. Nf6+ Bxf6 11. exf6 Qd8 12. Bh6 N8d7 13. Bg7 Rg8 14. Nc3 Nf8
15. O-O Bd7 16. a4 a5 17. Ne2 Bc6 18. Nf4 Qd6 19. Nd3 g5 20. Qh5 Nbd7 21. Rfe1
Ng6 22. Qxg5 O-O-O 23. Re3 h5 24. Ree1 h4 25. g3 hxg3 26. fxg3 Nb6 27. Rxe6
fxe6 28. Qxg6 Bxa4 29. Bxa4 Nxa4 30. f7 Rxg7 31. Qxg7 Qf8 32. Qxf8 Rxf8 33. Rf1
Kd8 34. g4 Ke7 35. Ne5 Ra8 36. Ng6+ 1-0

[Event "Championnat de Paris Open A"]
[Site "Paris"]
[Date "2012.07.07"]
[Round "1.21"]
[White "Mousa, Medhat"]
[Black "Hanchour, Baroudi"]
[Result "0-1"]
[WhiteElo "1973"]
[BlackElo "2180"]
[PlyCount "44"]
[EventDate "2012.??.??"]

1. d4 d5 2. c4 Nc6 3. Nf3 Bg4 4. e3 Nf6 5. Nc3 e6 6. Qb3 Bxf3 7. gxf3 Rb8 8.
cxd5 exd5 9. Bg2 Bd6 10. f4 Bb4 11. Bd2 O-O 12. Qc2 Re8 13. a3 Nxd4 14. Qa4 b5
15. Qd1 Bf8 16. O-O Nf5 17. Nxd5 Nxd5 18. e4 Nh4 19. exd5 Nxg2 20. Kxg2 Qxd5+
21. Kg3 Re6 22. h4 Rg6+ 0-1

[Event "Championnat de Paris Open A"]
[Site "Paris"]
[Date "2012.07.07"]
[Round "1.22"]
[White "Aurel, Luc"]
[Black "Bernabeu, Xavier"]
[Result "1-0"]
[WhiteElo "2175"]
[BlackElo "1969"]
[PlyCount "61"]
[EventDate "2012.??.??"]

1. e4 e6 2. Qe2 c5 3. d3 Nc6 4. Nf3 d6 5. g3 Nd4 6. Nxd4 cxd4 7. c3 Qc7 8. Bg2
Ne7 9. O-O Nc6 10. c4 Be7 11. Na3 e5 12. Nc2 h5 13. b4 Bg4 14. f3 Be6 15. f4
Bg4 16. Bf3 Bh3 17. Rf2 g6 18. b5 Nd8 19. Nb4 Ne6 20. Nd5 Qd7 21. Ba3 exf4 22.
gxf4 Bh4 23. Kh1 O-O-O 24. Rc1 Kb8 25. e5 Nc5 26. exd6 Nxd3 27. Qxd3 Bxf2 28.
c5 Be3 29. Nxe3 dxe3 30. c6 Bf5 31. Qd5 1-0

[Event "Championnat de Paris Open A"]
[Site "Paris"]
[Date "2012.07.07"]
[Round "1.23"]
[White "Cozette, Michael"]
[Black "Lebrun, Xavier"]
[Result "0-1"]
[WhiteElo "1968"]
[BlackElo "2172"]
[PlyCount "60"]
[EventDate "2012.??.??"]

1. e4 e5 2. Nf3 d6 3. d4 exd4 4. Nxd4 Nf6 5. Nc3 Be7 6. Bc4 O-O 7. O-O Re8 8.
Re1 Bf8 9. Bg5 c6 10. a4 Nbd7 11. Qd2 h6 12. Bf4 Ne5 13. Ba2 Ng6 14. Rad1 Nxf4
15. Qxf4 Qa5 16. h3 Qe5 17. Qd2 Bd7 18. f4 Qc5 19. Kh1 Rad8 20. f5 a6 21. Qf4
b5 22. g4 b4 23. Nb1 Re7 24. c3 Rde8 25. cxb4 Qxb4 26. Nc3 Qxb2 27. Rd3 Nxe4
28. Rxe4 Rxe4 29. Bxf7+ Kxf7 30. Nxe4 Qb1+ 0-1

[Event "Championnat de Paris Open A"]
[Site "Paris"]
[Date "2012.07.07"]
[Round "1.24"]
[White "Louis, Thibault"]
[Black "Dumas, Charles"]
[Result "1/2-1/2"]
[WhiteElo "2151"]
[BlackElo "1967"]
[PlyCount "93"]
[EventDate "2012.??.??"]

1. e4 c5 2. d4 cxd4 3. c3 d5 4. exd5 Qxd5 5. cxd4 Nc6 6. Nf3 e5 7. Nc3 Bb4 8.
Be2 exd4 9. O-O Bxc3 10. bxc3 Nge7 11. cxd4 O-O 12. Be3 Rd8 13. Rc1 Be6 14. Bd3
Rac8 15. Ng5 h6 16. Bc4 Qxc4 17. Rxc4 Bxc4 18. Qc2 Bxf1 19. Qh7+ Kf8 20. Qh8+
Ng8 21. Nh7+ Ke7 22. Kxf1 g6 23. d5 Rxd5 24. Nf6 Rdd8 25. Bc5+ Ke6 26. Nxg8
Rxg8 27. Qxh6 b6 28. Qh3+ f5 29. Qb3+ Kf6 30. Qc3+ Ne5 31. Be7+ Kxe7 32. Qxe5+
Kd7 33. Qd5+ Kc7 34. g3 Kb8 35. Kg2 a5 36. Qd7 Rcd8 37. Qe6 Kb7 38. h4 Rdf8 39.
Kf3 Re8 40. Qf6 Ref8 41. Qe7+ Ka6 42. a4 Rc8 43. Qe6 Kb7 44. Kf4 Rg7 45. Kf3
Rc6 46. Qd5 Rgc7 47. Kf4 {=} 1/2-1/2

[Event "Championnat de Paris Open A"]
[Site "Paris"]
[Date "2012.07.07"]
[Round "1.25"]
[White "Gauthier, Arnaud"]
[Black "Carre, Sylvain"]
[Result "0-1"]
[WhiteElo "1964"]
[BlackElo "2150"]
[PlyCount "44"]
[EventDate "2012.??.??"]

1. e4 e5 2. Nf3 Nf6 3. d4 Nxe4 4. dxe5 d5 5. Nbd2 Nxd2 6. Qxd2 Be7 7. Qf4 c5 8.
Bd2 Nc6 9. h4 Be6 10. c4 d4 11. Bd3 Qc7 12. O-O-O h6 13. Kb1 a5 14. a4 Nb4 15.
Bf1 Qd7 16. Bxb4 axb4 17. b3 b5 18. Nxd4 cxd4 19. Rxd4 Qa7 20. cxb5 Bxb3 21.
Bc4 Bxc4 22. Rxc4 Qxa4 0-1

[Event "Championnat de Paris Open A"]
[Site "Paris"]
[Date "2012.07.07"]
[Round "1.26"]
[White "Pluyaud, Benoit"]
[Black "Guille, Jean-Luc"]
[Result "1/2-1/2"]
[WhiteElo "2150"]
[BlackElo "1962"]
[PlyCount "110"]
[EventDate "2012.??.??"]

1. d4 d5 2. c4 c6 3. Nc3 Nf6 4. Nf3 dxc4 5. g3 Bf5 6. Bg2 h6 7. Ne5 e6 8. O-O
Nbd7 9. Nxc4 Be7 10. e4 Bh7 11. e5 Nd5 12. Qg4 g5 13. Ne4 Bxe4 14. Bxe4 h5 15.
Qf3 g4 16. Qe2 N7b6 17. Be3 Nxc4 18. Qxc4 h4 19. Qe2 hxg3 20. hxg3 Bg5 21. Rae1
Bxe3 22. fxe3 Qg5 23. Bxd5 exd5 24. Rf4 Qh5 25. Qg2 O-O-O 26. Ref1 Rh7 27. Kf2
Qg6 28. e4 Rdh8 29. Ke3 Rh2 30. Qg1 Rxb2 31. R1f2 Rxf2 32. Qxf2 Rh3 33. Rxf7
Qxe4+ 34. Kd2 Qg6 35. Qf4 Rh2+ 36. Ke3 Rxa2 37. Rf8+ Kc7 38. Qf7+ Qxf7 39.
Rxf7+ Kc8 40. e6 Kd8 41. Rxb7 Ra4 42. Kf4 Rxd4+ 43. Ke5 Re4+ 44. Kd6 Kc8 45.
Rxa7 d4 46. Ra4 c5 47. Rc4 d3 48. Rxc5+ Kd8 49. Rd5 Re3 50. Rd4 (50. Rb5 $1)
50... d2 51. Rxd2 Rxg3 52. Rd5 Re3 53. Rf5 Rd3+ 54. Ke5 Ke7 55. Rf7+ Ke8
1/2-1/2

+ Ke8
1/2-1/2

[Event "Championnat de Paris Open A"]
[Site "Paris"]
[Date "2012.07.07"]
[Round "1.27"]
[White "Renault, Nicolas"]
[Black "Valenti, Richard"]
[Result "1/2-1/2"]
[WhiteElo "1957"]
[BlackElo "2149"]
[PlyCount "58"]
[EventDate "2012.??.??"]

1. e4 d6 2. d4 Nf6 3. Nc3 g6 4. f4 Bg7 5. Nf3 c5 6. Bb5+ Bd7 7. Bxd7+ Nfxd7 8.
d5 b5 9. Nxb5 Qa5+ 10. Nc3 Bxc3+ 11. bxc3 Qxc3+ 12. Bd2 Qc4 13. Qe2 Nb6 14.
Qxc4 Nxc4 15. Bc3 O-O 16. O-O Nd7 17. Rfe1 Na3 18. Re2 Rab8 19. Kf2 Nb6 20. Rd1
Na4 21. Ba1 Nb2 22. Bxb2 Rxb2 23. c3 Rfb8 24. Rdd2 Rb1 25. e5 Nc4 26. Rc2 Na3
27. Rcd2 Nc4 28. Rc2 Na3 29. Rcd2 Nc4 1/2-1/2

[Event "Championnat de Paris Open A"]
[Site "Paris"]
[Date "2012.07.07"]
[Round "1.28"]
[White "Yacob, Francois"]
[Black "Jego, Eric"]
[Result "1-0"]
[WhiteElo "2145"]
[BlackElo "1951"]
[PlyCount "37"]
[EventDate "2012.??.??"]

1. e4 e6 2. d4 d5 3. Nc3 Bb4 4. e5 c5 5. Bd2 Bd7 6. Qg4 Ne7 7. dxc5 Bxc5 8.
Qxg7 Rg8 9. Qxh7 Qb6 10. Nh3 Nbc6 11. Na4 Bxf2+ 12. Nxf2 Qc7 13. O-O-O Nxe5 14.
Nc3 Qb6 15. Re1 N5g6 16. Nxd5 exd5 17. Qxg8+ Nf8 18. Ng4 Bf5 19. Bb5+ 1-0

[Event "Championnat de Paris Open A"]
[Site "Paris"]
[Date "2012.07.07"]
[Round "1.29"]
[White "Le Ray, Olivier"]
[Black "Quach, Charlie"]
[Result "0-1"]
[WhiteElo "1951"]
[BlackElo "2141"]
[PlyCount "113"]
[EventDate "2012.??.??"]

1. e4 c5 2. Nf3 e6 3. Nc3 a6 4. d4 cxd4 5. Nxd4 Qc7 6. Bd3 Nc6 7. Nxc6 Qxc6 8.
O-O b5 9. Re1 Bb7 10. a4 b4 11. Ne2 Bc5 12. Ng3 f5 13. Bf1 Nf6 14. exf5 O-O 15.
Be3 e5 16. Bxc5 Qxc5 17. Qe2 Rfe8 18. Qc4+ Qxc4 19. Bxc4+ d5 20. Bb3 Kf8 21.
Re2 Rac8 22. Rae1 e4 23. f3 {=} 23... exf3 24. gxf3 Nd7 25. Nh5 Rxe2 26. Rxe2
Nc5 27. Nf4 Nxb3 28. cxb3 Kf7 29. Ne6 Kf6 30. Nd4 Rc1+ 31. Kf2 Bc8 32. Ke3 Bxf5
33. Nxf5 Kxf5 34. Rd2 Ke5 35. f4+ Kd6 36. f5 Re1+ 37. Kd3 Rg1 38. Re2 Rd1+ 39.
Kc2 Rf1 40. Re6+ Kc5 41. Re7 Rxf5 42. Rxg7 Rh5 43. Rg2 Rh3 44. Rd2 d4 45. Rg2
Kd5 46. Rg5+ Ke4 47. Rg4+ Ke3 48. Rg2 d3+ 49. Kd1 Rf3 50. Ke1 h5 51. h4 Rh3 52.
Rg1 Rxh4 53. Rg3+ Ke4 54. Rg2 Rh1+ 55. Kd2 Rb1 56. Rg7 Rxb2+ 57. Kd1 0-1